Prostitutes and courtesans in the ancient world (Record no. 242341)
[ view plain ]
| 000 -LEADER | |
|---|---|
| fixed length control field | 01929nam a22004214a 4500 |
| 082 04 - DEWEY DECIMAL CLASSIFICATION NUMBER | |
| Classification number | 306.74/0938 |
| 245 00 - TITLE STATEMENT | |
| Title | Prostitutes and courtesans in the ancient world |
| 260 ## - PUBLICATION, DISTRIBUTION, ETC. (IMPRINT) | |
| Place of publication | Madison, Wis. : |
| Name of publisher | University of Wisconsin Press, |
| Year of publication | c2006. |
| 300 ## - PHYSICAL DESCRIPTION | |
| Number of Pages | x, 360 p. |
| 490 1# - SERIES STATEMENT | |
| Series statement | Wisconsin studies in classics |
| 500 ## - GENERAL NOTE | |
| General note | Papers from the conference, "Prostitution in the Ancient World," held in Madison, April 12-14, 2002, hosted by the Classics and Hebrew and Semitic Studies department at the University. |
| 650 #0 - SUBJECT ADDED ENTRY--TOPICAL TERM | |
| Topical Term | Prostitution |
| Topical Term | Prostitution |
| Topical Term | Courtesans |
| Topical Term | Courtesans |
| Topical Term | Sex role |
| Topical Term | Sex role |
| 700 1# - ADDED ENTRY--PERSONAL NAME | |
| Personal name | Faraone, Christopher A. |
| Personal name | McClure, Laura, |
| 856 40 - ELECTRONIC LOCATION AND ACCESS | |
| Uniform Resource Identifier | http://site.ebrary.com/lib/rucke/Doc?id=10221948 |
No items available.
